| 000 | 00691nam a22002417a 4500 | ||
|---|---|---|---|
| 003 | CHAP | ||
| 005 | 20220329134839.0 | ||
| 008 | 971013s r 00010 d | ||
| 010 | _a26875 | ||
| 011 | _a27847 | ||
| 035 | _a31948 | ||
| 040 | _cCHAP | ||
| 090 | _aR-2124 | ||
| 100 | 0 | 0 |
_aKastanek, F. _962783 |
| 245 | _aNemerical simulation technique for vertical drainage from a soil colum | ||
| 500 | _aSobretiro de : Journal of HIdrology 14 : 213-232, 1971 | ||
| 590 |
_aBATCH-UPD _b10 _c20130110 _lUCH01 _h1422 |
||
| 590 |
_aCONVERSION _b10 _c20130109 _lUCH01 _h1315 |
||
| 650 | 1 | 4 |
_aDrenaje. _934190 |
| 901 | _aBK | ||
| 942 | _cREIMP | ||
| 949 |
_aR-2124 _bBC _cR _d-73999 _eTS1 _i31948 _si |
||
| 999 |
_c26875 _d26875 |
||